| 000 | 00646nam a22002057a 4500 | ||
|---|---|---|---|
| 999 |
_c3860 _d3860 |
||
| 003 | AR-CdUCM | ||
| 008 | 190307b ||||| |||| 00| 0 spa d | ||
| 040 |
_aMUNICIPALIDAD PROVINCIAL DEL CUSCO _cBIBLIOTECA MUNICIPAL DEL CUSCO |
||
| 082 |
_a869.1 / _bB45 |
||
| 100 |
_aBernal, Ignacio _912406 |
||
| 245 | _aTecnochtitlan en una Isla / | ||
| 260 |
_aMéxico : _bFondo de Cultura Económica , _c1984. |
||
| 300 |
_a167 páginas _c21 cm. |
||
| 440 |
_aLecturas Méxicanas _n64 _912407 |
||
| 650 |
_aLiteratura Méxicana _99769 |
||
| 650 |
_aCultura Azteca _912408 |
||
| 650 |
_aCultura Centroamericana _912409 |
||
| 942 |
_2ddc _cLIBROS |
||
| 945 | _artm | ||